[Event "Memorial Pedro Lezcano Montalvo 2013"]
[Site "Gran Canaria ESP"]
[Date "2013.03.30"]
[Round "8.23"]
[White "Bismuth, Lea"]
[Black "Sanchez Ramirez, Gustavo"]
[Result "1-0"]
[WhiteElo "1948"]
[BlackElo "1607"]
[PlyCount "109"]
[EventDate "2013.03.25"]
[EventType "swiss"]
[EventRounds "9"]
[EventCountry "ESP"]
[Source "lmi"]
[SourceDate "2013.03.25"]

1. Nc3 e5 2. Nf3 Nc6 3. d4 exd4 4. Nxd4 Nf6 5. Bg5 Bc5 6. e3 Nxd4 7. exd4 Bb4
8. Qf3 h6 9. Bxf6 Qxf6 10. Qxf6 gxf6 11. O-O-O Bxc3 12. bxc3 d5 13. c4 c6 14.
cxd5 cxd5 15. Be2 Rg8 16. Rhe1 Be6 17. Bf3 Kd8 18. Re3 Kd7 19. g3 b5 20. Rde1
a5 21. Bh5 Rgf8 22. Kd2 Rac8 23. Rf3 f5 24. Ra3 a4 25. Be2 Rb8 26. Rb1 Kc6 27.
Rc3+ Kd6 28. Rxb5 Rxb5 29. Bxb5 Rb8 30. Bxa4 Rb4 31. Rc6+ Ke7 32. Bb3 Rxd4+ 33.
Ke2 f4 34. f3 fxg3 35. hxg3 Rb4 36. a4 Kd7 37. Rc5 Kd6 38. Rb5 Rxb5 39. axb5
Kc5 40. Ba4 h5 41. Ke3 d4+ 42. Kd2 Bc4 43. c3 dxc3+ 44. Kxc3 Be2 45. f4 f6 46.
Kd2 Bg4 47. Kd3 Bf5+ 48. Ke3 Bg6 49. Kd2 Bf7 50. Kc3 Be8 51. b6 Bc6 52. Bxc6
Kxc6 53. Kc4 Kxb6 54. Kd5 Kc7 55. Ke6 1-0

[Event "Memorial Pedro Lezcano Montalvo 2013"]
[Site "Gran Canaria ESP"]
[Date "2013.03.30"]
[Round "8.25"]
[White "Amador Garcia, Ismael"]
[Black "Guerra Arrocha, Daniel"]
[Result "0-1"]
[WhiteElo "1418"]
[BlackElo "1848"]
[PlyCount "56"]
[EventDate "2013.03.25"]
[EventType "swiss"]
[EventRounds "9"]
[EventCountry "ESP"]
[Source "lmi"]
[SourceDate "2013.03.25"]

1. e4 e6 2. d4 d5 3. Nc3 Nf6 4. e5 Nfd7 5. f4 a6 6. Nf3 Be7 7. g3 c5 8. Ne2 Nc6
9. c3 O-O 10. Bh3 b5 11. O-O a5 12. f5 exf5 13. Bxf5 Nb6 14. Bb1 a4 15. Qd3 g6
16. Nf4 b4 17. h4 Ba6 18. Qc2 Bxf1 19. Kxf1 bxc3 20. bxc3 cxd4 21. cxd4 Nb4 22.
Qh2 Rc8 23. Bd2 Nc2 24. Bxc2 Rxc2 25. Ke2 Nc4 26. g4 Nxd2 27. Nxd2 Bb4 28. Ke3
Bxd2+ 0-1

[Event "Memorial Pedro Lezcano Montalvo 2013"]
[Site "Gran Canaria ESP"]
[Date "2013.03.30"]
[Round "8.26"]
[White "Rodriguez Mellado, Antonio"]
[Black "Sanabria Taskila, Daniel Krist"]
[Result "1-0"]
[WhiteElo "1797"]
[BlackElo "1410"]
[PlyCount "57"]
[EventDate "2013.03.25"]
[EventType "swiss"]
[EventRounds "9"]
[EventCountry "ESP"]
[Source "lmi"]
[SourceDate "2013.03.25"]

1. d4 Nf6 2. c4 e6 3. Nc3 Bb4 4. Bd2 O-O 5. a3 Bxc3 6. Bxc3 c5 7. Nf3 Ne4 8.
Qd3 Nxc3 9. Qxc3 Nc6 10. d5 Qa5 11. dxc6 Qxc3+ 12. bxc3 bxc6 13. e3 d5 14. cxd5
cxd5 15. Be2 Bd7 16. O-O c4 17. Rfd1 Ba4 18. Rd2 f5 19. Bd1 Be8 20. h3 h5 21.
Rb2 Bf7 22. Rab1 Kh8 23. Rb7 a6 24. Ng5 Kg8 25. Rc7 Rac8 26. Rbb7 Rxc7 27. Rxc7
g6 28. Ba4 e5 29. Bc6 1-0

[Event "Memorial Pedro Lezcano Montalvo 2013"]
[Site "Gran Canaria ESP"]
[Date "2013.03.30"]
[Round "8.27"]
[White "Cobo Mazorra, Alejandro"]
[Black "Diaz Hernandez, Francisco Javi"]
[Result "1-0"]
[WhiteElo "1685"]
[BlackElo "1534"]
[PlyCount "45"]
[EventDate "2013.03.25"]
[EventType "swiss"]
[EventRounds "9"]
[EventCountry "ESP"]
[Source "lmi"]
[SourceDate "2013.03.25"]

1. Nf3 b6 2. g3 Bb7 3. Bg2 Nf6 4. O-O e6 5. d3 Be7 6. Nbd2 d5 7. c3 O-O 8. Re1
Nbd7 9. Qc2 c5 10. e4 dxe4 11. dxe4 Qc7 12. e5 Ng4 13. Nc4 b5 14. h3 Bxf3 15.
Bxf3 Ngxe5 16. Nxe5 Nxe5 17. Bxa8 Rxa8 18. Qe4 Nc6 19. Bf4 Qd7 20. Rad1 Qe8 21.
Bd6 Bxd6 22. Rxd6 Na5 23. Red1 1-0

[Event "Memorial Pedro Lezcano Montalvo 2013"]
[Site "Gran Canaria ESP"]
[Date "2013.03.30"]
[Round "8.29"]
[White "Diaz Martin, Cristina"]
[Black "Ramirez Maillo, Juan Adonay"]
[Result "0-1"]
[WhiteElo "1471"]
[BlackElo "1654"]
[PlyCount "66"]
[EventDate "2013.03.25"]
[EventType "swiss"]
[EventRounds "9"]
[EventCountry "ESP"]
[Source "lmi"]
[SourceDate "2013.03.25"]

1. e4 c5 2. Nf3 d6 3. c4 Nf6 4. Nc3 Bg4 5. Be2 Nc6 6. h3 Bxf3 7. Bxf3 e6 8. O-O
g6 9. d3 Bg7 10. Be3 O-O 11. Qd2 a6 12. Rad1 Nd7 13. Rfe1 Nde5 14. Be2 Rb8 15.
f4 Nd7 16. Rf1 Nd4 17. Bg4 f5 18. exf5 gxf5 19. Bf3 b5 20. Qf2 b4 21. Ne2 Nxf3+
22. Qxf3 Bxb2 23. d4 Nb6 24. dxc5 Nxc4 25. cxd6 b3 26. axb3 Rxb3 27. Qg3+ Kh8
28. Bd4+ Bxd4+ 29. Nxd4 Rxg3 30. Nxe6 Qa8 31. Rf2 Rfg8 32. Ng5 h6 33. Nf3 Rxf3
0-1

[Event "Memorial Pedro Lezcano Montalvo 2013"]
[Site "Gran Canaria ESP"]
[Date "2013.03.30"]
[Round "8.30"]
[White "Fernandez Arce, Aketza"]
[Black "Suarez Ramirez, Jonay"]
[Result "0-1"]
[WhiteElo "1437"]
[BlackElo "1600"]
[PlyCount "44"]
[EventDate "2013.03.25"]
[EventType "swiss"]
[EventRounds "9"]
[EventCountry "ESP"]
[Source "lmi"]
[SourceDate "2013.03.25"]

1. e4 c5 2. Nf3 Nc6 3. d4 cxd4 4. Nxd4 g6 5. Bd2 Nxd4 6. Bc3 e5 7. Bxd4 exd4 8.
Qxd4 Nf6 9. e5 Nh5 10. Bc4 Bg7 11. g4 Qa5+ 12. Nc3 Bxe5 13. Qe4 Nf4 14. O-O-O
O-O 15. Rde1 Re8 16. h4 d5 17. Bxd5 Nxd5 18. Nxd5 Bxb2+ 19. Kxb2 Rxe4 20. Rxe4
Qxd5 21. Rhe1 Be6 22. Ra4 Qb5+ 0-1

[Event "Memorial Pedro Lezcano Montalvo 2013"]
[Site "Gran Canaria ESP"]
[Date "2013.03.30"]
[Round "8.32"]
[White "Guerrero Orihuela, Jose Luis"]
[Black "Ramirez Hernandez, Jose Isidro"]
[Result "1-0"]
[WhiteElo "1555"]
[BlackElo "1404"]
[PlyCount "61"]
[EventDate "2013.03.25"]
[EventType "swiss"]
[EventRounds "9"]
[EventCountry "ESP"]
[Source "lmi"]
[SourceDate "2013.03.25"]

1. d4 Nf6 2. c4 e6 3. Nc3 d5 4. cxd5 exd5 5. Bg5 c6 6. e3 Be7 7. Bd3 h6 8. Bh4
O-O 9. Qc2 Be6 10. Nge2 Nh5 11. Bxe7 Qxe7 12. O-O Nd7 13. Rae1 Qd6 14. f3 Nb6
15. b3 Qd7 16. Qd2 Nc8 17. e4 Ne7 18. e5 g5 19. Bb1 Bf5 20. Bxf5 Nxf5 21. g4
Nh4 22. gxh5 Qf5 23. Ng3 Nxf3+ 24. Kg2 Nxe1+ 25. Kh1 Qd3 26. Qxe1 Qxd4 27. Nf5
Qc5 28. Nxh6+ Kg7 29. Qg3 Kxh6 30. Rf6+ Kh7 31. Qxg5 1-0

[Event "Memorial Pedro Lezcano Montalvo 2013"]
[Site "Gran Canaria ESP"]
[Date "2013.03.30"]
[Round "8.33"]
[White "Biscarri Candalia, Oscar"]
[Black "Sanabria Taskila, Jenny Maria"]
[Result "1-0"]
[WhiteElo "1537"]
[BlackElo "1270"]
[PlyCount "56"]
[EventDate "2013.03.25"]
[EventType "swiss"]
[EventRounds "9"]
[EventCountry "ESP"]
[Source "lmi"]
[SourceDate "2013.03.25"]

1. d4 d5 2. c4 c6 3. Nc3 Nf6 4. e3 e6 5. cxd5 cxd5 6. Bd3 Bb4 7. Nge2 Nc6 8. a3
Ba5 9. b4 Bc7 10. Ng3 O-O 11. O-O Re8 12. Re1 e5 13. Nb5 a6 14. Nxc7 Qxc7 15.
Bb2 e4 16. Be2 Ne7 17. Rc1 Qd6 18. Qc2 Ng4 19. Qc5 Qh6 20. h3 Nf6 21. Qc7 Nf5
22. Nxf5 Bxf5 23. Qf4 Qxf4 24. exf4 Rad8 25. g4 Bd7 26. g5 Re6 27. f5 Rc6 28.
gxf6 Rxf6 1-0

[Event "Memorial Pedro Lezcano Montalvo 2013"]
[Site "Gran Canaria ESP"]
[Date "2013.03.30"]
[Round "8.34"]
[White "Quevedo Sarmiento, Jacinto"]
[Black "Gonzalez Ortega, Pino"]
[Result "1-0"]
[WhiteElo "1532"]
[BlackElo "1344"]
[PlyCount "99"]
[EventDate "2013.03.25"]
[EventType "swiss"]
[EventRounds "9"]
[EventCountry "ESP"]
[Source "lmi"]
[SourceDate "2013.03.25"]

1. d4 e6 2. Nf3 c5 3. c3 Nc6 4. Bg5 Nf6 5. e3 a6 6. Nbd2 Be7 7. Bd3 h6 8. Bh4
O-O 9. O-O b6 10. e4 d6 11. Bb1 Bb7 12. Qc2 e5 13. d5 Nb8 14. a4 Nh5 15. Bxe7
Qxe7 16. Nc4 Qc7 17. Qe2 Nd7 18. g3 Nhf6 19. Nh4 a5 20. Nf5 Ba6 21. Bd3 Bxc4
22. Bxc4 Rfd8 23. f4 Ra7 24. Ne7+ Kh7 25. Nc6 Raa8 26. Nxd8 Rxd8 27. Bb5 exf4
28. gxf4 Re8 29. Bd3 c4 30. Bc2 Qc5+ 31. Qf2 Kg8 32. Rae1 Ng4 33. Qxc5 Nxc5 34.
h3 Nf6 35. e5 dxe5 36. Rxe5 Kf8 37. Rd1 Rd8 38. d6 Ne8 39. Red5 Nd7 40. R5d4
Rc8 41. Bf5 Nef6 42. Re1 g6 43. Bb1 Ne8 44. Ba2 Rc6 45. Red1 Nef6 46. Bxc4 Rc5
47. Bb5 Rxb5 48. axb5 Ne8 49. Re1 Nef6 50. Re7 1-0

[Event "Memorial Pedro Lezcano Montalvo 2013"]
[Site "Gran Canaria ESP"]
[Date "2013.03.30"]
[Round "8.37"]
[White "Lin Ying, Rui"]
[Black "Gutierrez Garcia, Inmaculada"]
[Result "1-0"]
[WhiteElo "1431"]
[BlackElo "1352"]
[PlyCount "131"]
[EventDate "2013.03.25"]
[EventType "swiss"]
[EventRounds "9"]
[EventCountry "ESP"]
[Source "lmi"]
[SourceDate "2013.03.25"]

1. e4 e5 2. Nf3 Nc6 3. d4 Nf6 4. Nc3 Bb4 5. d5 Bxc3+ 6. bxc3 Ne7 7. Bd3 c6 8.
d6 Ng6 9. O-O Qb6 10. Re1 Qc5 11. Bf1 Qxc3 12. Bg5 Qc5 13. h3 O-O 14. Bxf6 gxf6
15. Qd2 Re8 16. Rad1 b5 17. Nh2 Qa3 18. Ng4 Re6 19. Nh6+ Kf8 20. Nf5 Nf4 21. g3
Qf3 22. Qe3 Qxe3 23. Rxe3 Ng6 24. c4 b4 25. c5 a5 26. Bc4 Re8 27. Kf1 a4 28.
Ke2 Ba6 29. Bxa6 Rxa6 30. Rf3 Rb8 31. Rb1 Ra5 32. Rc3 Rab5 33. Rc4 b3 34. Rxa4
b2 35. Rc4 Rb4 36. Rxb4 Rxb4 37. Kd3 h5 38. h4 Kg8 39. Ne7+ Kf8 40. Nf5 Kg8 41.
f3 Kh7 42. Kc3 Rb5 43. Kc4 Nf8 44. a4 Rb7 45. f4 Ne6 46. fxe5 fxe5 47. Ne3 Nd4
48. g4 Kg6 49. gxh5+ Kxh5 50. Nf5 Nf3 51. Kc3 f6 52. Rxb2 Ra7 53. Kb4 Rb7+ 54.
Ka3 Ra7 55. Rf2 Nxh4 56. Nxh4 Kxh4 57. Rxf6 Kg5 58. Rf5+ Kg4 59. Rxe5 Kf4 60.
Re7 Rb7 61. a5 Ra7 62. Ka4 Ke3 63. e5 Kd4 64. e6 Kxc5 65. exd7 Kxd6 66. d8=Q+
1-0

[Event "Memorial Pedro Lezcano Montalvo 2013"]
[Site "Gran Canaria ESP"]
[Date "2013.03.31"]
[Round "9.1"]
[White "Robin, Samy"]
[Black "Larino Nieto, David"]
[Result "1/2-1/2"]
[WhiteElo "2254"]
[BlackElo "2508"]
[PlyCount "21"]
[EventDate "2013.03.25"]
[EventType "swiss"]
[EventRounds "9"]
[EventCountry "ESP"]
[Source "lmi"]
[SourceDate "2013.03.25"]

1. e4 c6 2. d4 d5 3. Nd2 dxe4 4. Nxe4 Nd7 5. Nf3 Ngf6 6. Nxf6+ Nxf6 7. g3 Bg4
8. Bg2 e6 9. O-O Be7 10. c4 O-O 11. Be3 1/2-1/2

[Event "Memorial Pedro Lezcano Montalvo 2013"]
[Site "Gran Canaria ESP"]
[Date "2013.03.31"]
[Round "9.2"]
[White "Bergez, Luc"]
[Black "Kurajica, Bojan"]
[Result "1-0"]
[WhiteElo "2375"]
[BlackElo "2539"]
[PlyCount "91"]
[EventDate "2013.03.25"]
[EventType "swiss"]
[EventRounds "9"]
[EventCountry "ESP"]
[Source "lmi"]
[SourceDate "2013.03.25"]

1. e4 c5 2. Nf3 Nc6 3. c3 d5 4. exd5 Qxd5 5. d4 Nf6 6. Be2 Qd6 7. O-O g6 8. Na3
cxd4 9. Nb5 Qd8 10. Bf4 Nd5 11. Bg3 Bh6 12. Nfxd4 a6 13. Nxc6 bxc6 14. Nd4 Bb7
15. Bf3 Rc8 16. Qb3 Ba8 17. Rad1 O-O 18. c4 Nc7 19. Nf5 gxf5 20. Rxd8 Rfxd8 21.
Bxc7 Rxc7 22. Be4 Bg7 23. Bxf5 Rb7 24. Rd1 Rdb8 25. Qd3 Bxb2 26. Bxh7+ Kf8 27.
Be4 Rb6 28. h4 c5 29. Bxa8 Rxa8 30. Qd5 Rc8 31. Rb1 Rbb8 32. Rd1 Bd4 33. Rd3
Rd8 34. Qh5 Ke8 35. Rf3 Bf6 36. g4 Rd1+ 37. Kg2 Rbb1 38. Rxf6 exf6 39. Qxc5
Rg1+ 40. Kf3 Rh1 41. h5 Rbc1 42. Kf4 Rhe1 43. h6 Rh1 44. h7 Kd7 45. Qh5 Ke7 46.
c5 1-0

[Event "Memorial Pedro Lezcano Montalvo 2013"]
[Site "Gran Canaria ESP"]
[Date "2013.03.31"]
[Round "9.3"]
[White "Barlov, Dragan"]
[Black "Brito Garcia, Alfredo"]
[Result "1-0"]
[WhiteElo "2454"]
[BlackElo "2313"]
[PlyCount "99"]
[EventDate "2013.03.25"]
[EventType "swiss"]
[EventRounds "9"]
[EventCountry "ESP"]
[Source "lmi"]
[SourceDate "2013.03.25"]

1. d4 Nf6 2. Nf3 g6 3. g3 Bg7 4. Bg2 O-O 5. O-O d6 6. Re1 Nbd7 7. e4 e5 8. c3
Re8 9. Nbd2 a5 10. dxe5 Nxe5 11. Nxe5 dxe5 12. Qc2 Be6 13. Nf3 Bd7 14. h3 Qc8
15. Kh2 Bc6 16. Nd2 b6 17. Nf1 Qb7 18. Bg5 Nd7 19. f3 h6 20. Bc1 Nc5 21. Be3
Bf8 22. Rad1 Rad8 23. Bf2 Bb5 24. c4 Ba6 25. Ne3 Ne6 26. Nd5 Bg7 27. Rd2 Nd4
28. Bxd4 exd4 29. Nf4 Qc6 30. b3 f5 31. Nd3 fxe4 32. Rxe4 Bb7 33. Rxe8+ Qxe8
34. Re2 Qf7 35. f4 Bxg2 36. Kxg2 c5 37. Nf2 a4 38. Qd3 axb3 39. axb3 Ra8 40.
Ne4 Qf5 41. Qf3 Rd8 42. g4 Qf7 43. f5 gxf5 44. gxf5 Bf8 45. Kf1 Bd6 46. Rd2 Be5
47. f6 Rf8 48. Rg2+ Kh8 49. Qd3 Bxf6 50. Rf2 1-0

[Event "Memorial Pedro Lezcano Montalvo 2013"]
[Site "Gran Canaria ESP"]
[Date "2013.03.31"]
[Round "9.4"]
[White "Vega Gutierrez, Sabrina"]
[Black "De La Cruz Sanchez, Carlos G"]
[Result "1/2-1/2"]
[WhiteElo "2364"]
[BlackElo "2242"]
[PlyCount "67"]
[EventDate "2013.03.25"]
[EventType "swiss"]
[EventRounds "9"]
[EventCountry "ESP"]
[Source "lmi"]
[SourceDate "2013.03.25"]

1. e4 e6 2. d3 d5 3. Qe2 Ne7 4. Nf3 g6 5. g3 Bg7 6. Bg2 c5 7. O-O O-O 8. Re1
Nbc6 9. c3 b5 10. exd5 exd5 11. Nbd2 c4 12. a4 cxd3 13. Qxd3 b4 14. Nb3 Bf5 15.
Qd2 bxc3 16. bxc3 Be4 17. Ba3 Re8 18. Nfd4 Bxg2 19. Kxg2 Ne5 20. Bc5 Qd7 21. a5
Rac8 22. a6 N7c6 23. Nb5 Nc4 24. Rxe8+ Rxe8 25. Qf4 N6a5 26. N3d4 Be5 27. Qf3
Nb3 28. Nxb3 Qxb5 29. Bb4 d4 30. cxd4 Qxb4 31. dxe5 Nxe5 32. Qb7 Rb8 33. Qxb4
Rxb4 34. Nc5 1/2-1/2

[Event "Memorial Pedro Lezcano Montalvo 2013"]
[Site "Gran Canaria ESP"]
[Date "2013.03.31"]
[Round "9.5"]
[White "Bressac, Stephane"]
[Black "Brochet, Philippe"]
[Result "1-0"]
[WhiteElo "2284"]
[BlackElo "2396"]
[PlyCount "83"]
[EventDate "2013.03.25"]
[EventType "swiss"]
[EventRounds "9"]
[EventCountry "ESP"]
[Source "lmi"]
[SourceDate "2013.03.25"]

1. e4 c5 2. Nf3 Nc6 3. d4 cxd4 4. Nxd4 Nf6 5. Nc3 e5 6. Ndb5 d6 7. Bg5 a6 8.
Na3 Be6 9. Nc4 b5 10. Ne3 Be7 11. Bd3 Ng4 12. Bxe7 Nxe3 13. Bxd8 Nxd1 14. Rxd1
Rxd8 15. a4 bxa4 16. Bxa6 Nd4 17. Bd3 Ra8 18. Ra1 Bd7 19. Kd2 O-O 20. Ra2 f5
21. f3 Rab8 22. Rb1 Rb4 23. Nd5 Rb7 24. Ne7+ Kf7 25. Nxf5 Nxf5 26. exf5 Kf6 27.
Be4 Rb4 28. c3 Rc4 29. b3 axb3 30. Ra6 Bxf5 31. Bxf5 Kxf5 32. Rxd6 Rb8 33. Kd3
Ra4 34. Ke3 h5 35. g3 g5 36. h3 g4 37. fxg4+ hxg4 38. Rf1+ Rf4 39. gxf4 b2 40.
hxg4+ Kxg4 41. Rg1+ Kh5 42. Rd2 1-0

[Event "Memorial Pedro Lezcano Montalvo 2013"]
[Site "Gran Canaria ESP"]
[Date "2013.03.31"]
[Round "9.6"]
[White "Menvielle Laccourreye, Augusto"]
[Black "Gutierrez Olivares, Daniel"]
[Result "0-1"]
[WhiteElo "2150"]
[BlackElo "2367"]
[PlyCount "100"]
[EventDate "2013.03.25"]
[EventType "swiss"]
[EventRounds "9"]
[EventCountry "ESP"]
[Source "lmi"]
[SourceDate "2013.03.25"]

1. e4 e6 2. d3 d5 3. Nd2 Nf6 4. Ngf3 c5 5. g3 Nc6 6. Bg2 g6 7. O-O Bg7 8. Re1
O-O 9. c3 b6 10. Qc2 a5 11. a4 Ba6 12. Bf1 Rc8 13. Nb1 Ng4 14. Bf4 e5 15. Bg5
f6 16. Bc1 f5 17. Ng5 Rf6 18. Nh3 Rd6 19. Qb3 Nf6 20. exd5 Nxd5 21. Na3 Kh8 22.
Ng5 Qg8 23. Nc4 Rd7 24. Bg2 h6 25. Nf3 e4 26. dxe4 Nxc3 27. bxc3 Qxc4 28. Qxc4
Bxc4 29. e5 Nxe5 30. Nxe5 Bxe5 31. Bxh6 Bxc3 32. Rad1 Rcd8 33. Rxd7 Rxd7 34.
Rc1 Be2 35. Bc6 Rd1+ 36. Rxd1 Bxd1 37. Bf4 Bd4 38. Bb5 Bb3 39. Kf1 Kg7 40. Ke2
Kf6 41. h4 c4 42. f3 Bb2 43. Be3 c3 44. Bd4+ Ke6 45. Be8 Bc4+ 46. Ke1 Kd5 47.
Be3 Bd3 48. Bxg6 c2 49. g4 Bc3+ 50. Kf2 Bd4 0-1

[Event "Memorial Pedro Lezcano Montalvo 2013"]
[Site "Gran Canaria ESP"]
[Date "2013.03.31"]
[Round "9.7"]
[White "Illijin, Neboisa"]
[Black "Martinez Ramirez, Erik"]
[Result "0-1"]
[WhiteElo "2167"]
[BlackElo "2302"]
[PlyCount "134"]
[EventDate "2013.03.25"]
[EventType "swiss"]
[EventRounds "9"]
[EventCountry "ESP"]
[Source "lmi"]
[SourceDate "2013.03.25"]

1. e4 c5 2. Nf3 Nc6 3. d4 cxd4 4. Nxd4 Nf6 5. Nc3 d6 6. Bc4 g6 7. h3 Bg7 8. Be3
O-O 9. Bb3 a5 10. a4 Bd7 11. O-O Rc8 12. Ndb5 Ne5 13. Qe2 Bc6 14. Bd4 Ned7 15.
Rad1 Ne8 16. Rfe1 Bxd4 17. Nxd4 Nc5 18. Qe3 e5 19. Ndb5 Nxb3 20. cxb3 f5 21. f3
fxe4 22. fxe4 Bxb5 23. Nxb5 Rc6 24. Rf1 Rxf1+ 25. Rxf1 Qb6 26. Qxb6 Rxb6 27.
Kf2 Kf7 28. Ke3+ Ke7 29. g4 Nf6 30. Kd3 Nd7 31. Kc2 Nc5 32. Nc3 Rc6 33. Re1 Ne6
34. Kb1 Nf4 35. Re3 Ke6 36. g5 d5 37. exd5+ Nxd5 38. Rf3 Nf4 39. h4 Kf5 40. Rf1
Kg4 41. Ne4 Kxh4 42. Rh1+ Kg4 43. Rxh7 Nd3 44. Rh1 Kf5 45. Nc3 Kxg5 46. Kc2 Nf4
47. Kd2 Rd6+ 48. Ke3 Kf5 49. Rh7 b6 50. Rf7+ Ke6 51. Rb7 Nd5+ 52. Nxd5 Kxd5 53.
Rg7 Rf6 54. Rb7 e4 55. Rd7+ Ke5 56. Re7+ Re6 57. Rf7 Rd6 58. Re7+ Kf5 59. Rf7+
Rf6 60. Rd7 Re6 61. Rf7+ Kg4 62. Rf1 g5 63. Rg1+ Kf5 64. Rf1+ Ke5 65. Rg1 Rg6
66. Rh1 Rd6 67. Rh8 Rd3+ 0-1

[Event "Memorial Pedro Lezcano Montalvo 2013"]
[Site "Gran Canaria ESP"]
[Date "2013.03.31"]
[Round "9.8"]
[White "Meneses Gonzalez, Kevin Moises"]
[Black "Alvarado Diaz, Alejandro"]
[Result "1-0"]
[WhiteElo "2302"]
[BlackElo "2251"]
[PlyCount "73"]
[EventDate "2013.03.25"]
[EventType "swiss"]
[EventRounds "9"]
[EventCountry "ESP"]
[Source "lmi"]
[SourceDate "2013.03.25"]

1. c4 g6 2. Nc3 Bg7 3. Nf3 c5 4. g3 Nc6 5. Bg2 d6 6. O-O Nf6 7. d4 cxd4 8. Nxd4
Bd7 9. Nc2 h5 10. Bg5 Qc8 11. Ne3 Bh3 12. Rc1 Bxg2 13. Nxg2 h4 14. gxh4 Ne5 15.
Nd5 Nxd5 16. cxd5 Qg4 17. f3 Qb4 18. Qb3 Qxb3 19. axb3 Kd7 20. h3 f5 21. Nf4
Rhc8 22. Kf2 Nf7 23. Nxg6 Bxb2 24. Rxc8 Rxc8 25. Nxe7 Bd4+ 26. e3 Rc2+ 27. Kg3
Bc3 28. Nxf5 a5 29. Nd4 Rb2 30. Rc1 Bd2 31. Rc2 Be1+ 32. Kf4 Rxc2 33. Nxc2 Bc3
34. Ke4 b5 35. Kd3 Bb2 36. f4 Bc1 37. Bf6 1-0

[Event "Memorial Pedro Lezcano Montalvo 2013"]
[Site "Gran Canaria ESP"]
[Date "2013.03.31"]
[Round "9.10"]
[White "Gonzalez Intelangelo, Gerardo"]
[Black "Rodriguez Ferraz, Borja"]
[Result "1/2-1/2"]
[WhiteElo "2022"]
[BlackElo "2196"]
[PlyCount "90"]
[EventDate "2013.03.25"]
[EventType "swiss"]
[EventRounds "9"]
[EventCountry "ESP"]
[Source "lmi"]
[SourceDate "2013.03.25"]

1. Nf3 Nf6 2. d4 e6 3. Bg5 Be7 4. e3 b6 5. Nbd2 Bb7 6. Bd3 h6 7. Bh4 O-O 8. O-O
c5 9. c3 d6 10. Qe2 Nbd7 11. Ba6 Bxa6 12. Qxa6 g5 13. Bg3 Nh5 14. Qe2 f5 15.
Ne1 Ndf6 16. f3 Nxg3 17. hxg3 Nh5 18. Kf2 Kg7 19. Rh1 Qe8 20. Nd3 Nf6 21. e4
cxd4 22. cxd4 fxe4 23. Nxe4 Qa4 24. b4 Nxe4+ 25. Qxe4 Qc2+ 26. Ke3 d5 27. Qxe6
Bf6 28. Rac1 Rae8 29. Rxc2 Rxe6+ 30. Ne5 Bxe5 31. dxe5 Rxe5+ 32. Kd4 Rfe8 33.
Rc7+ R8e7 34. Rhc1 Kf6 35. R1c6+ Kf5 36. Rxe7 Rxe7 37. Rxh6 Re2 38. Kxd5 Rxg2
39. g4+ Kf4 40. Rf6+ Ke3 41. a4 Ra2 42. Kc6 Rxa4 43. Kb5 Ra3 44. Rf5 a5 45.
bxa5 bxa5 1/2-1/2

[Event "Memorial Pedro Lezcano Montalvo 2013"]
[Site "Gran Canaria ESP"]
[Date "2013.03.31"]
[Round "9.11"]
[White "Camino Carrio, Nicanor"]
[Black "Vega Gutierrez, Belinda"]
[Result "1-0"]
[WhiteElo "2014"]
[BlackElo "2190"]
[PlyCount "81"]
[EventDate "2013.03.25"]
[EventType "swiss"]
[EventRounds "9"]
[EventCountry "ESP"]
[Source "lmi"]
[SourceDate "2013.03.25"]

1. e4 e5 2. Nf3 Nc6 3. Bb5 a6 4. Ba4 Nf6 5. d3 b5 6. Bb3 Be7 7. O-O d6 8. c3
O-O 9. Re1 Na5 10. Bc2 c5 11. Nbd2 Nc6 12. Nf1 Re8 13. Ne3 h6 14. a4 Bb7 15.
axb5 axb5 16. Rxa8 Bxa8 17. Nf5 Bf8 18. Bb3 Na5 19. Bc2 d5 20. Qe2 d4 21. cxd4
cxd4 22. h3 Qc7 23. Bd2 Qxc2 24. Bxa5 Qa4 25. Bc7 Nd7 26. N3h4 Re6 27. f4 exf4
28. Qg4 Kh7 29. Bxf4 Nf6 30. Qg3 g6 31. Bd6 Nh5 32. Qf2 Bxd6 33. Nxd6 Rf6 34.
Ndf5 Qb4 35. e5 Rxf5 36. Nxf5 gxf5 37. Qxf5+ Kg8 38. Rf1 Bd5 39. Qxh5 Qxb2 40.
Qg4+ Kf8 41. e6 1-0

[Event "Memorial Pedro Lezcano Montalvo 2013"]
[Site "Gran Canaria ESP"]
[Date "2013.03.31"]
[Round "9.12"]
[White "Marrero Cardenes, Agustin"]
[Black "Acosta Sosa, Juan Manuel"]
[Result "1/2-1/2"]
[WhiteElo "1959"]
[BlackElo "2150"]
[PlyCount "47"]
[EventDate "2013.03.25"]
[EventType "swiss"]
[EventRounds "9"]
[EventCountry "ESP"]
[Source "lmi"]
[SourceDate "2013.03.25"]

1. f4 g6 2. Nf3 Bg7 3. g3 d5 4. Bg2 c6 5. d3 Nd7 6. c3 Nh6 7. O-O Qb6+ 8. Kh1
Ng4 9. d4 Ndf6 10. Ne5 h5 11. h3 Nh6 12. Re1 Nf5 13. Kh2 Be6 14. Qd3 Nd6 15.
Nd2 Bf5 16. Qe3 Nfe4 17. Bxe4 Nxe4 18. Nxe4 Bxe4 19. b3 O-O 20. Nd7 Qc7 21.
Nxf8 Rxf8 22. Bb2 Bh6 23. c4 e6 24. Qf2 1/2-1/2

[Event "Memorial Pedro Lezcano Montalvo 2013"]
[Site "Gran Canaria ESP"]
[Date "2013.03.31"]
[Round "9.13"]
[White "Sarmiento Afonso, Santiago"]
[Black "De La Hoz Sanchez, Ruben"]
[Result "0-1"]
[WhiteElo "2141"]
[BlackElo "1969"]
[PlyCount "54"]
[EventDate "2013.03.25"]
[EventType "swiss"]
[EventRounds "9"]
[EventCountry "ESP"]
[Source "lmi"]
[SourceDate "2013.03.25"]

1. e4 e5 2. Nf3 Nf6 3. Nc3 Nc6 4. a3 d5 5. Bb5 d4 6. Ne2 Bd6 7. d3 h6 8. Ng3 a6
9. Ba4 b5 10. Bb3 Ne7 11. c3 c5 12. O-O Bd7 13. Nh4 Qc8 14. cxd4 cxd4 15. Bd2
Be6 16. Rc1 Qd7 17. Bxe6 fxe6 18. f4 exf4 19. Bxf4 Bxf4 20. Rxf4 O-O 21. Rf2 g5
22. Nf3 Ng4 23. Re2 Ng6 24. Qb3 Nf4 25. Rec2 Rac8 26. Ne1 Ne3 27. Rc5 Ne2+ 0-1

[Event "Memorial Pedro Lezcano Montalvo 2013"]
[Site "Gran Canaria ESP"]
[Date "2013.03.31"]
[Round "9.14"]
[White "Capote Robayna, Johanna"]
[Black "Capote Robayna, Nathaniel"]
[Result "1/2-1/2"]
[WhiteElo "1813"]
[BlackElo "2073"]
[PlyCount "60"]
[EventDate "2013.03.25"]
[EventType "swiss"]
[EventRounds "9"]
[EventCountry "ESP"]
[Source "lmi"]
[SourceDate "2013.03.25"]

1. Nf3 Nf6 2. b3 d5 3. Bb2 e6 4. e3 Bd6 5. Be2 O-O 6. O-O c6 7. c4 Nbd7 8. Qc2
e5 9. cxd5 cxd5 10. Nc3 a6 11. a4 Nb8 12. d4 e4 13. Ne5 Qe7 14. f4 exf3 15.
Rxf3 Nc6 16. Rd1 Be6 17. e4 Nxd4 18. Rxd4 Bxe5 19. Nxd5 Nxd5 20. exd5 Bxd4+ 21.
Bxd4 Bxd5 22. Rg3 f6 23. Re3 Qf7 24. Bd3 g6 25. Rg3 f5 26. Ba1 Rfc8 27. Qb2 Kf8
28. Re3 Re8 29. Qh8+ Qg8 30. Qf6+ Qf7 1/2-1/2